FNAF: The Musical (Night 1) - Statistics

General Stats
  • This quiz has been taken 58 times
  • The average score is 196 of 339
Answer Stats
Answer % Correct
I
94%
a
91%
Freddy!
88%
Bonnie!
85%
me.
85%
me,
85%
me
85%
me!
85%
the
85%
The
85%
THE
85%
to
85%
He
82%
he
82%
Hi,
82%
hi!
82%
Hi
82%
be
79%
be?
79%
be!
79%
it
79%
It
79%
Guy.
76%
guy!
76%
GUY,
76%
I'm
76%
it's
76%
It's
76%
you.
76%
you
76%
you!
76%
YOU
76%
my
73%
at
70%
At
70%
Foxy,
70%
IN
70%
in,
70%
in
70%
meet
70%
of
70%
Phone
70%
play!
70%
play?
70%
play
70%
Play
70%
Pleasure
70%
that
70%
THAT
70%
And
67%
and
67%
do.
67%
do
67%
do!
67%
get
67%
Hey!
67%
Hey,
67%
Hey
67%
new
67%
NEW
67%
on!
67%
so
67%
that's
67%
That's
67%
Time
67%
all
64%
All
64%
day!
64%
Don't
64%
DON'T!
64%
don't
64%
few
64%
first
64%
his
64%
move?
64%
move...
64%
ready!
64%
there?
64%
there!
64%
they
64%
what
64%
bit
61%
cameras
61%
camera's
61%
can
61%
check
61%
hired
61%
like
61%
see
61%
already?
58%
Chica,
58%
eat
58%
Freddy's
58%
heard
58%
just
58%
leave
58%
Leave
58%
leave...
58%
Look,
58%
Midnight
58%
out
58%
quick
58%
we
58%
words.
58%
Blah,
55%
blah,
55%
could
55%
dumb!
55%
for
55%
I'd
55%
I'll
55%
insane!
55%
right
55%
staring
55%
absurd.
52%
active.
52%
animatronics,
52%
Bonnie's
52%
come
52%
Come
52%
completely
52%
did
52%
Except
52%
friends
52%
Let's
52%
one
52%
one,
52%
them
52%
thing
52%
think
52%
IS
48%
same.
48%
standing
48%
they're
48%
They're
48%
VENT?!
48%
with
48%
favorite
45%
love
45%
only
45%
Please,
45%
scared!
45%
SCARED!
45%
try
45%
Are
42%
are
42%
blink...
42%
dead!
42%
feel
42%
inside
42%
inside!
42%
kitchen!
42%
night
42%
say
42%
say,
42%
seems
42%
sound?
42%
What's
42%
away!
39%
door!
39%
feeling
39%
here
39%
our
39%
sing
39%
song
39%
through
39%
through!
39%
your
39%
breathe...
36%
guy's
36%
How
36%
kind
36%
loopy...
36%
mask
36%
Or
36%
or
36%
these
36%
trapped
36%
way!
36%
air
33%
AIR!
33%
alright?
33%
Fazbear
33%
head!
33%
least
33%
maybe
33%
need
33%
NEED
33%
own
33%
screaming!
33%
sounds
33%
special
33%
stuff
33%
suit!
33%
they'll
33%
vents!
33%
Wow,
33%
you're
33%
'Cause
30%
change?!
30%
doing?!
30%
flesh
30%
FRESH
30%
jumpy.
30%
lights!
30%
Seal
30%
SOMETHING
30%
terrified!
30%
blood
27%
breaking
27%
coming
27%
doors!
27%
down
27%
fruit!
27%
have
27%
Hold
27%
juicy
27%
Sealing
27%
Wanna
27%
Everything's
24%
Foxy's
24%
hide
24%
Hit
24%
mucus?!
24%
natural
24%
scent!
24%
seeming
24%
slightly
24%
smell
24%
Stay
24%
strange.
24%
Why's
24%
disguise
21%
we'd
18%
No matching quizzes found
Score Distribution
Percent of People with Each Score
Percentile by Number Answered
Your Score History
You have not taken this quiz